Normal view
MARC view
- Marine Animals , Phisiology,Adaptations
Entry Topical Term
001 - CONTROL NUMBER
- control field: 7520
003 - CONTROL NUMBER IDENTIFIER
- control field: OSt
005 - DATE AND TIME OF LATEST TRANSACTION
- control field: 20260107123037.0
008 - FIXED-LENGTH DATA ELEMENTS
- fixed length control field: 260107|| aca||aabn | a|a d
040 ## - CATALOGING SOURCE
- Original cataloging agency: OSt
- Transcribing agency: OSt
150 ## - HEADING--TOPICAL TERM
- Topical term or geographic name entry element: Marine Animals , Phisiology,Adaptations
670 ## - SOURCE DATA FOUND
- Source citation: Work cat.: (OSt)754868: Physiology of Marine Mammals/, ,2024
